MDQL
is popping MORE tags! Check the
thread
!
Quizzes
Events
Quiz Creation
Community
Videos
Private Events
Remove Ads
Sign In
Join for FREE
Feedback
Dark Mode
Quiz Categories
Sports
Geography
Music
Movies
Television
Just For Fun
Miscellaneous
History
Literature
Language
Science
Gaming
Entertainment
Religion
Holiday
For Kids
Quiz Lab
Recent
Popular Today
Quiz Kudos Today
Editor Picks
Curator Picks
Quizzes by...
Day
Popularity
Type
Ratings
Length
Year
Community
Subscriptions
Recent Discussions
Orange Saloon
Badges
Playlists
Quests
Create
Leaderboards
Showdown
Live 5
Trivia Bingo
Activity
Puzzle Library
Sporcle Events
Private Events
Virtual Trivia
Globe League
Become a Host
Pub Owners
SporcleCon
Opinionation
Our Games
Videos
Blog
Mobile Apps
Partnerships
Remove Ads and Go Orange
Feedback
Geography
Country
Landmarks
City
State
Population
World
Capital
Continent
Flags
Europe
Africa
Asia
South America
North America
Oceania
Border
Canada
United Kingdom
Topography
United States
Geography
Country
Landmarks
City
State
Population
World
Capital
Continent
Flags
Europe
Africa
Asia
South America
North America
Oceania
Border
Canada
United Kingdom
Topography
United States
Random Quiz
Search Sporcle
×
Quiz Lab
Quiz Lab
Geography
City
Type in answers that appear in a list
Type in answers that appear in a list
Classic
Best Score? Go Orange.
Community Foundations in the USA with over $400,000,000 Funds Stats
Can you name the Community Foundations in the USA with over $400,000,000 Funds?
By
tallonator
10m
25 Questions
87 Plays
87 Plays
87 Plays
Comments
Comments
Give Quiz Kudos
Give Quiz Kudos
-
- Ratings
hide this ad
Replay
Link that replays current quiz
Next Quiz
Link to next quiz in quiz playlist
You Got
0%
They Got
Avg Score
74%
Avg Friend Score
Upgrade to see
Score Distribution
Jump to the score distribution portion of the page
Score
0/25
Timer
10:00
0
Plays Today
State
Foundation Name/Homebase City
% Correct
California
California Community Foundation
92%
New York
The New York Community Trust
89.7%
California
The San Francisco Foundation
88.5%
California
The San Diego Foundation
88.5%
Oklahoma
Tulsa Community Foundation
85.1%
Ohio
The Cleveland Foundation
85.1%
Illinois
The Chicago Community Trust
83.9%
Pennsylvania
The Pittsburgh Foundation
82.8%
Georgia
The Community Foundation for Greater Atlanta
82.8%
Michigan
Community Foundation for Southeast Michigan
82.8%
Oregon
The Oregon Community Foundation
81.6%
Massachusetts
Boston Foundation, Inc.
81.6%
Texas
Communities Foundation of Texas, Inc.
81.6%
State
Foundation Name/Homebase City
% Correct
Minnesota
The Minneapolis Foundation
81.6%
Missouri
Greater Kansas City Community Foundation
80.5%
North Carolina
Foundation For The Carolinas
80.5%
Washington
The Seattle Foundation
80.5%
Indiana
Central Indiana Community Foundation, Inc.
80.5%
Colorado
The Denver Foundation
80.5%
Ohio
The Columbus Foundation and Affiliated Organizations
77%
Connecticut
Hartford Foundation for Public Giving
77%
Louisiana
Baton Rouge Area Foundation
75.9%
Minnesota
The Saint Paul Foundation
29.9%
California
Silicon Valley Community Foundation
12.6%
California
Marin Community Foundation
4.6%
Quiz Playlist
Details
Report
Send in Message
Add To Playlist
Classic:
Type in answers that appear in a list
Quiz Source
Last Updated: Feb 16, 2017
Quiz Scoreboard
CHALLENGE
Sign Up to Join the Scoreboard
Show All
Scores
Hide
Comments
May contain spoilers
Recently Published
Colored Red Africa Blitz
by spor1
Geography
30s
Find the 'City' Movie
by crazypaving
Movies
60s
5x2 Blitz: Bands
by SL_Kpop136
Music
30s
More to Explore
Quiz From the Vault
Featured Blog Post
14 Easter Pick-up Lines to Find Eggs With
hide this ad
You Might Also Like...
Tags
City Quiz
asset
biggest
Charity
City-state
Community
foundation
largest
metropolitan
Today's Top Quizzes in Geography
Browse Geography
hide this ad
Today's Top Quizzes in City
Browse City
Top Contributed Quizzes in Geography
1
Countries of the World - No Outlines Minefield
2
Colored Red Europe Blitz I
3
Colored Red Africa Blitz II
4
Colored Red Europe Blitz II
5
Colored Red Europe Blitz III
6
Colored Red Africa Blitz III
7
Colored Red States Blitz I
8
Colored Red States Blitz II
9
Colored Red States Blitz III
10
Blind Secret Country CLXXXIX
Explore More
Trending Topics
Disney
Anime
Crossword
Kpop
Marvel
Harry Potter
NBA
Country
Soccer
WWE
Pokémon
Puzzle
The Office
NFL
Song
hide this ad
More By:
tallonator
Quiz
Plays
Rating
Category
Featured
Created
20 Largest 'S' US Metro Areas
72,004
4.31
Geography
Jan 1, 2013
Cars Available in 1920
22,339
4.55
History
Mar 31, 2015
World's Fairs
19,734
4.33
History
Nov 1, 2011
Star Wars Line Assignments
16,018
4.51
Movies
Sep 10, 2017
Steven Spielberg Best Director Golden Globe Wins & Noms
4,607
4.43
Movies
Sep 2, 2017
Go to Creator's Profile
Score Distribution
Quiz Creator Spotlight
tallonator
Follow
Send a Message
Quizzes Created
-
Created Quiz Play Count
-
More By This Creator
Popular Quizzes Today
1
Find the 'City' Movie
2
5x2 Blitz: Bands
3
Colored Red Africa Blitz
4
Find the US States - No Outlines Minefield
5
The Countries of the World
6
Find the US States
7
9x9 Crossword: Cartoon Network
8
US States
More Geography Quizzes
All about... Peru
Quiz Lab
Trending Quizzes
Colored Red Europe Blitz I
Colored Red Africa Blitz II
Colored Red Africa Blitz III
Colored Red Europe Blitz III
Colored Red Europe Blitz II
Recently Updated
Champions League XIs: Real Madrid
pecheneg
Largest US Cities 1790-2010
pecheneg
Rides in Walt Disney World
pecheneg
Most Oscar Losses (Acting)
pecheneg
Beyoncé Albums
pecheneg
Leaping Animals
pecheneg
Reality TV Shows (A-Z)
bhenderson79
Rickey Henderson's Hall of Fame Teammates
pecheneg
Champions League XIs: Arsenal
pecheneg
Quick Pick: Celebrities in WWE's Hall of Fame
aduchscher
Trending Topics
NBA
Marvel
Harry Potter
Disney
Anime
Crossword
Kpop
The Office
Puzzle
Country
WWE
Pokémon
NFL
Song
Soccer
Your Account Isn't Verified!
In order to create a playlist on Sporcle, you need to verify the email address you used during registration. Go to your
Sporcle Settings
to finish the process.
Report this User
Report this user for behavior that violates our
Community Guidelines
.
Details:
Send Report
Go to the Sporcle.com Mobile Site →
Comments